1515 1057 1252 1048 1058 1582 1098 1774 1505 1391 1728 1509 1330 1140 1172 1481 1001 1001 1360 1122 1139 1598 1596 1938 1101 1962 1144 1803 1831 1448 1442 1690 1468 1697 1742 1246 1524 1118 1216 1221 1386 1147 1655 1003 1894 1488 1382 1780 1870 1677 1297 1492 1768 1941 1667 1301 1346 1582 1398 1485 1038 1628 1151 1269 1886 1631 1870 1003 1733 1621 1107 1452 1370 1453 1620 1059 1913 1078 1096 1084 1294 1164 1839 1801 1113 1972 1344 1673 1458 1481 1065 1736 1228 1041 1161 1307 1842 1619 1640 BCNSPRNW ULIB Ver.6.0+V

เปลี่ยนเป็นภาษาไทย

Change to English
 แสดงรายละเอียดบรรณานุกรม
  กลับหน้าหลัก

Brief Record : Get Marc (ISO 2709) : E-mail record : QR code < ปิดหน้าต่าง
LEADER : 00000nam 2200000uu 4500
001    13399115123
003     ULIB
008    120711s2551||||th 000 0 tha d
020    ^a9789741685196
090    ^aนว.^bน574ส 2551
100 0  ^aนิตย์รวี
245 00 ^aรักร้อย...หนึ่งใจ/^cนิตย์รวี
250    ^aพิมพ์ครั้งที่
260    ^aกรุงเทพฯ :^bธุรดา,^c2551
300    ^a289 หน้า
995    ^aกัณชพร
999    ^aใช้งานได้ทุกระบบ
รายการนี้ยังไม่มีแท็ก
คุณยังไม่ได้ล็อกอิน คุณสามารถมีกิจกรรมร่วมกับเว็บไซต์ได้ แต่ต้องล็อกอินก่อน ::
  ล็อกอิน

รายการสื่อสารสนเทศ

ลำดับที่ ประเภท เลขเรียก/บาร์โค้ด สถานที่ สถานะ
- ไม่พบข้อมูล -

รายการใกล้เคียง
    ผู้แต่ง [นิตย์รวี]

BibComment


ยังไม่เคยถูกคอมเมนท์

คอมเมนท์ทรัพยากรรายการนี้
  คอมเมนท์: รักร้อยหนึ่งใจ น..


 Copyright 2026. Bcnsprnw @Library